LEADER 04360nam 2200757 450 001 9910797150403321 005 20230807215429.0 010 $a90-272-6895-9 035 $a(CKB)3710000000409639 035 $a(EBL)2040188 035 $a(SSID)ssj0001482936 035 $a(PQKBManifestationID)12641345 035 $a(PQKBTitleCode)TC0001482936 035 $a(PQKBWorkID)11423124 035 $a(PQKB)10568135 035 $a(PQKBManifestationID)16040208 035 $a(PQKB)22641326 035 $a(MiAaPQ)EBC2040188 035 $a(DLC) 2014043540 035 $a(EXLCZ)993710000000409639 100 $a20150519h20152015 uy 0 101 0 $aeng 135 $aur|n|---||||| 181 $ctxt 182 $cc 183 $acr 200 10$aSouth Pacific Englishes $ea sociolinguistic and morphosyntactic profile of Fiji English, Samoan English and Cook Islands English /$fCarolin Biewer, University of Zurich 210 1$aAmsterdam, Netherlands ;$aPhiladelphia, Pennsylvania :$cJohn Benjamins Publishing Company,$d2015. 210 4$dİ2015 215 $a1 online resource (367 p.) 225 0 $aVarieties of English Around the World (VEAW),$x0172-7362 ;$vVolume G52 300 $aDescription based upon print version of record. 311 $a90-272-4912-1 320 $aIncludes bibliographical references and index. 327 $aSouth Pacific Englishes; Editorial page; Title page; LCC data; Table of contents; Abbreviations; List of tables; List of figures; List of maps ; Acknowledgments; 1. Introduction; 1.1 The structure of the book ; 1.2 Previous research on English in the South Pacific ; 1.2.1 English in Fiji ; 1.2.2 English in Samoa and the Cook Islands ; 1.2.3 Publications on South Pacific English(es) ; 1.2.4 Summary ; 1.3 Terminology ; 1.4 Points of comparison in the study of world Englishes ; 2. The language situation in Fiji, Samoa and the Cook Islands; 2.1 Geography and demography ; 2.2 The native languages 327 $a2.3 The spread of English 2.3.1 Early contacts with English ; 2.3.2 Attitudes and exposure to English in colonial times ; 2.3.3 The impact of English after political (semi-)independence ; 2.4 The role of English today ; 2.4.1 English in politics ; 2.4.2 English in education ; 2.4.3 English in literature ; 2.4.4 English in popular music ; 2.4.5 English in the mass media ; 2.4.6 English as the language of religion? ; 2.4.7 English as a lingua franca or LWC ; 2.4.8 English in the private domain ; 2.4.9 Summary ; 2.5 Local varieties of English: their existence, recognition and assessment 327 $a3.5.4 Socio-cultural motivations for language restructuring 330 $aSecond-language varieties of English in the South Pacific have received scant attention, until now. This monograph offers the first book-length analysis of the sociolinguistics and morphosyntax of three representatives of South Pacific L2 English in comparison - two of which have never been described linguistically. The book describes the spread of English, its current status and use in the three island states and compares the most frequent and salient morphosyntactic features to corresponding structures in Asian and African Englishes and the Oceanic substrate languages. As part of a larger th 410 0$aVarieties of English Around the World 606 $aEnglish language$xVariation$zPacific Area 606 $aEnglish language$xVariation$zOceania 606 $aEnglish language$xSpoken English$zPacific Area 606 $aEnglish language$xSpoken English$zOceania 606 $aSociolinguistics$zPacific Area 606 $aSociolinguistics$zOceania 606 $aEnglish language$zFiji 606 $aEnglish language$zSamoa 606 $aEnglish language$zCook Islands 615 0$aEnglish language$xVariation 615 0$aEnglish language$xVariation 615 0$aEnglish language$xSpoken English 615 0$aEnglish language$xSpoken English 615 0$aSociolinguistics 615 0$aSociolinguistics 615 0$aEnglish language 615 0$aEnglish language 615 0$aEnglish language 676 $a427/.996 700 $aBiewer$b Carolin$01477796 801 0$bMiAaPQ 801 1$bMiAaPQ 801 2$bMiAaPQ 906 $aBOOK 912 $a9910797150403321 996 $aSouth Pacific Englishes$93853752 997 $aUNINA LEADER 05684nam 2200745Ia 450 001 9910814701803321 005 20200520144314.0 010 $a9786611752033 010 $a9781281752031 010 $a1281752037 010 $a9780470380802 010 $a0470380802 010 $a9780470380796 010 $a0470380799 035 $a(CKB)1000000000539655 035 $a(EBL)353346 035 $a(OCoLC)646762029 035 $a(SSID)ssj0000149543 035 $a(PQKBManifestationID)11159687 035 $a(PQKBTitleCode)TC0000149543 035 $a(PQKBWorkID)10257315 035 $a(PQKB)10752331 035 $a(MiAaPQ)EBC353346 035 $a(Au-PeEL)EBL353346 035 $a(CaPaEBR)ebr10250340 035 $a(CaONFJC)MIL175203 035 $a(OCoLC)192134578 035 $a(FINmELB)ELB178514 035 $a(Perlego)2758976 035 $a(EXLCZ)991000000000539655 100 $a20080215d2008 uy 0 101 0 $aeng 135 $aur|n|---||||| 181 $ctxt 182 $cc 183 $acr 200 10$aEssentials of multiphase flow and transport in porous media /$fGeorge F. Pinder, William G. Gray 205 $a1st ed. 210 $aHoboken, N.J. $cWiley$dc2008 215 $a1 online resource (273 p.) 300 $aDescription based upon print version of record. 311 08$a9780470317624 311 08$a0470317620 320 $aIncludes bibliographical references and index. 327 $aESSENTIALS OF MULTIPHASE FLOW AND TRANSPORT IN POROUS MEDIA; CONTENTS; Preface; Acknowledgments; 1 Setting the Stage; 1.1 Introduction; 1.2 Phases and Porous Media; 1.3 Grain and Pore Size Distributions; 1.4 The Concept of Saturation; 1.5 The Concept of Pressure; 1.6 Surface Tension Considerations; 1.7 Concept of Concentration; 1.8 Summary; 1.9 Exercises; Bibliography; 2 Mass Conservation Equations; 2.1 Introduction; 2.2 Microscale Mass Conservation; 2.3 Integral Forms of Mass Conservation; 2.4 Integral Theorems; 2.4.1 Divergence Theorem; 2.4.2 Transport Theorem 327 $a2.5 Point Forms of Mass Conservation2.6 The Macroscale Perspective; 2.6.1 The Representative Elementary Volume; 2.6.2 Global and Local Coordinate Systems; 2.6.3 Macroscopic Variables; 2.6.4 Definitions of Macroscale Quantities; 2.6.5 Summary of Macroscale Quantities; 2.7 The Averaging Theorems; 2.7.1 Spatial Averaging Theorem; 2.7.2 Temporal Averaging Theorem; 2.8 Macroscale Mass Conservation; 2.8.1 Macroscale Point Forms; 2.8.2 Integral Forms; 2.9 Applications; 2.9.1 Integral Analysis; 2.9.2 Point Analysis; 2.10 Summary; 2.11 Exercises; Bibliography; 3 Flow Equations; 3.1 Introduction 327 $a3.2 Darcy's Experiments3.3 Fluid Properties; 3.4 Equations of State for Fluids; 3.4.1 Mass Fraction; 3.4.2 Mass Density and Pressure; 3.4.3 Fluid Viscosity; 3.5 Hydraulic Potential; 3.5.1 Hydrostatic Force and Hydraulic Head; 3.5.2 Derivatives of Hydraulic Head; 3.6 Single-Phase Fluid Flow; 3.6.1 Darcy's Law; 3.6.2 Hydraulic Conductivity and Permeability; 3.6.3 Derivation of Groundwater Flow Equation; 3.6.4 Recapitulation of the Derivation; 3.6.5 Initial and Boundary Conditions; 3.6.6 Two-Dimensional Flow; 3.7 Two-Phase Immiscible Flow; 3.7.1 Derivation of Flow Equations 327 $a3.7.2 Observations on the p(c)-s(w) Relationship3.7.3 Formulas for the p(c)-s(w) Relationship; 3.7.4 Observations of the k(?)(rel)-s(w) Relationship; 3.7.5 Formulas for the k(?)(rel)-s(w) Relation; 3.7.6 Special Cases of Multiphase Flow; 3.8 The Buckley-Leverett Analysis; 3.8.1 Fractional Flow; 3.8.2 Derivation of the Buckley-Leverett Equation; 3.8.3 Solution of the Buckley-Leverett Equation; 3.9 Summary; 3.10 Exercises; Bibliography; 4 Mass Transport Equations; 4.1 Introduction; 4.2 Velocity in the Species Transport Equations; 4.2.1 Direct Approach; 4.2.2 Rigorous Approach 327 $a4.2.3 Distribution Approach4.2.4 Summary; 4.3 Closure Relations for the Dispersion Vector; 4.4 Chemical Reaction Rates; 4.5 Interphase Transfer Terms; 4.5.1 Kinetic Formulation; 4.5.2 Equilibrium Formulation; 4.5.3 Summary: Kinetic vs. Equilibrium Formulations; 4.6 Initial and Boundary Conditions; 4.7 Conclusion; 4.8 Exercises; Bibliography; 5 Simulation; 5.1 1-D Simulation of Air-Water Flow; 5.1.1 Drainage in a Homogeneous Soil; 5.1.2 Drainage in a Heterogeneous Soil; 5.1.3 Imbibition in Homogeneous Soil; 5.2 1-D Simulation of DNAPL-Water Flow 327 $a5.2.1 Primary DNAPL Imbibition in Homogeneous Soil 330 $aLearn the fundamental concepts that underlie the physics of multiphase flow and transport in porous media with the information in Essentials of Multiphase Flow in Porous Media, which demonstrates the mathematical-physical ways to express and address multiphase flow problems. Find a logical, step-by-step introduction to everything from the simple concepts to the advanced equations useful for addressing real-world problems like infiltration, groundwater contamination, and movement of non-aqueous phase liquids. Discover and apply the governing equations for application to these and other p 606 $aPorous materials$xFluid dynamics$xMathematical models 606 $aMultiphase flow$xMathematical models 615 0$aPorous materials$xFluid dynamics$xMathematical models. 615 0$aMultiphase flow$xMathematical models. 676 $a624.1/513 700 $aPinder$b George Francis$f1942-$021006 701 $aGray$b William G$g(William Guerin),$f1948-$0447822 801 0$bMiAaPQ 801 1$bMiAaPQ 801 2$bMiAaPQ 906 $aBOOK 912 $a9910814701803321 996 $aEssentials of multiphase flow and transport in porous media$93936915 997 $aUNINA